000 00929nmm a2200301 a 4500
003 AR-BaBNM
005 20251128204334.0
008 011101s1978 ||||||||||||||000 | spa||
020 _a950-06-0725-5
040 _cAR-BaBNM
100 1 _aFrostig, Marianne
245 1 0 _aEducación especial para una ubicación social apropiada
260 _aBuenos Aires
_bEditorial Médica Panamericana
_c1978
300 0 _a215 p.
_bil., gráfs.
500 0 _aContiene índice analítico
504 _aBibliografía p. 205-206
600 1 4 _aPiaget, Jean
600 1 4 _aSkinner, Charles E.
650 4 _aEDUCACION ESPECIAL
650 4 _aCOMPORTAMIENTO DEL ALUMNO
650 4 _aENSENANZA INDIVIDUALIZADA
650 4 _aDOCENTES DE EDUCACION ESPECIAL
650 4 _aPROGRAMAS DE EDUCACION ESPECIAL
700 1 _aDoctorovich, Marta S.
_etraductor
700 1 _aSchindler-Rainman, Eva
_eprologuista
942 _cBK
998 _cMARTIN
999 _c7077
_d7077